<?xml version="1.0" encoding="UTF-8"?><?xml-stylesheet type="text/xsl" href="static/style.xsl"?><OAI-PMH xmlns="http://www.openarchives.org/OAI/2.0/" xmlns:xsi="http://www.w3.org/2001/XMLSchema-instance" xsi:schemaLocation="http://www.openarchives.org/OAI/2.0/ http://www.openarchives.org/OAI/2.0/OAI-PMH.xsd"><responseDate>2026-04-17T09:16:44Z</responseDate><request verb="GetRecord" identifier="oai:riubu.ubu.es:10259/75" metadataPrefix="marc">https://riubu.ubu.es/oai/request</request><GetRecord><record><header><identifier>oai:riubu.ubu.es:10259/75</identifier><datestamp>2022-04-27T08:46:29Z</datestamp><setSpec>com_10259_2699</setSpec><setSpec>col_10259_2713</setSpec></header><metadata><record xmlns="http://www.loc.gov/MARC21/slim" xmlns:doc="http://www.lyncode.com/xoai" xmlns:xsi="http://www.w3.org/2001/XMLSchema-instance" xmlns:dcterms="http://purl.org/dc/terms/" xsi:schemaLocation="http://www.loc.gov/MARC21/slim http://www.loc.gov/standards/marcxml/schema/MARC21slim.xsd">
<leader>00925njm 22002777a 4500</leader>
<datafield tag="042" ind1=" " ind2=" ">
<subfield code="a">dc</subfield>
</datafield>
<datafield tag="720" ind1=" " ind2=" ">
<subfield code="a">Alzate Cano, Mª Victoria</subfield>
<subfield code="e">author</subfield>
</datafield>
<datafield tag="260" ind1=" " ind2=" ">
<subfield code="c">2007</subfield>
</datafield>
<datafield tag="520" ind1=" " ind2=" ">
<subfield code="a">Esta investigación describe, analiza e interpreta el aprendizaje significativo del campo conceptual composición/estructura y de la representación lingüística como fórmulas químicas relativas y moleculares. Indaga el conocimiento previo como tendencias cognitivas en términos de conceptos-en-acto y teoremas-en-acto; analiza rupturas, dificultades y filiaciones como etapas y ayudas cognitivas, y la posible construcción de un nuevo esquema de asimilación, cuando un grupo de estudiantes de segundo nivel universitario interactúa con una secuencia de situaciones para lograr una clasificación química. Posiblemente las concepciones previas se constituyen como dos tríadas de equivalencia de los conceptos-en-acto: elemento-sustancia simple-átomo y sustancia compuesta-mezcla homogénea-molécula, la primera funcional con el símbolo elemental y la segunda con la asociación mecánica de éstos. Posibles equivalencias parece ser progresan de un esquema centrado en la percepción sensorial inmediata y  lenguaje natural, a una estructura en términos de invariantes operatorios próximos al conocimiento químico y de los respectivos significantes químicos.----------------------&#xd;
This investigation is about the significance learning in the conceptual field of composition/structure and the linguistc representation with chemestry formuls. This formuls are relative and moleculars. This research looks at the previous knowlegde like cognitive tendencies in terms of concepts-in-action and theorems-in-action. Although analyze difficulties and ruptures in cognitive face and cognitive helps in a gruop of students of second level of college. It is possible that the first conception of ideas forms triads like element–simple substance–atoms and compound substance-homogeneous mix-molecule. First conception is like elemental symbol and the second conception is like mechanic association of those. This equivalences changes from a sensorial perception and natural language to structure terms more aproximate to chemestry knowlegde and signifiers chemicals.</subfield>
</datafield>
<datafield tag="024" ind2=" " ind1="8">
<subfield code="a">978-84-96394-88-9</subfield>
</datafield>
<datafield tag="024" ind2=" " ind1="8">
<subfield code="a">http://hdl.handle.net/10259/75</subfield>
</datafield>
<datafield tag="024" ind2=" " ind1="8">
<subfield code="a">10.36443/10259/75</subfield>
</datafield>
<datafield ind1=" " ind2=" " tag="653">
<subfield code="a">Aprendizaje significativo</subfield>
</datafield>
<datafield ind1=" " ind2=" " tag="653">
<subfield code="a">Campos conceptuales</subfield>
</datafield>
<datafield ind1=" " ind2=" " tag="653">
<subfield code="a">Sustancia</subfield>
</datafield>
<datafield ind1=" " ind2=" " tag="653">
<subfield code="a">Lenguaje químico</subfield>
</datafield>
<datafield ind1=" " ind2=" " tag="653">
<subfield code="a">Meaningful learning</subfield>
</datafield>
<datafield ind1=" " ind2=" " tag="653">
<subfield code="a">Conceptual fields</subfield>
</datafield>
<datafield ind1=" " ind2=" " tag="653">
<subfield code="a">Substance</subfield>
</datafield>
<datafield ind1=" " ind2=" " tag="653">
<subfield code="a">Chemical language</subfield>
</datafield>
<datafield tag="245" ind1="0" ind2="0">
<subfield code="a">Campo conceptual composición/estructura en Química : tendencias cognitivas : etapas y ayudas cognitivas</subfield>
</datafield>
</record></metadata></record></GetRecord></OAI-PMH>